000 01023nam a22002657a 4500
005 20220808081528.0
008 220706s1997 gw a|||| |||| 00| 0 eng d
020 _a9783775706674
020 _a3775706674
040 _aCO-BoUCM
_bspa
_cJose A. Gerena
_dJose A. Gerena
041 _aeng
245 0 _aContemporary sculpture
_bprojects in Münster 1997
_ceditado por Klaus Bussmann; Kasper König; Florian Matzner
246 _aContemporary sculpture
_bprojects in Munster 1997
260 _aStuttgart, Alemania
_bVerlag Gerd Hatje
_c1997
300 _a540 páginas
_bilustraciones
500 _aBibliografía Básica - Facultad de Creación - Pregrado en Artes
504 _aIncluye referencias bibliográficas
650 7 _97585
_aEscultura
650 7 _99462
_aArte contemporáneo
700 1 _aBussmann, Klaus
_eeditor
_9175157
700 1 _aKönig, Kasper
_eeditor
_9174280
700 1 _aMatzner, Florian
_eeditor
_9175158
942 _2DEWEY
_a17
_cLIBRO
_e1
_h730
_mC761
_n0
999 _c321398
_d321398